00315nam a2200133Ia 45000030006000000080041000060400015000471000017000622450029000792500010001082600034001185460012001520050017001640STCL150530s9999 xx 000 0 und d aSTCLcSTCL aMishan, E.J. aCosts of economic growth aFirst bWeidenfeld and Nicolsonc1993 aEnglish20220125165619.0